000 00531pab a2200181 454500
008 180718b2013 xxu||||| |||| 00| 0 eng d
100 _aSen, Payel
245 _aTowards socially accountable urban local governance: The citizens' charter reform in West Bengal
260 _c2013
300 _ap.56-78.
362 _aJul-Dec
650 _aCitizen charter - India - West Bengal
650 _aUrban development - India - West Bengal
650 _aCitizens charter
773 _aUrban India
908 _aN
909 _a104881
999 _c104876
_d104876